「ゆ」から始まる駅 - Statistics

General Stats
  • This quiz has been taken 35 times
  • The average score is 29 of 70
Answer Stats
Hint Answer % Correct
静岡 由比
79%
東京 湯島
79%
茨城 結城
76%
神奈川 湯河原
72%
山形 遊佐
72%
神奈川 由比ヶ浜
66%
鳥取 由良
66%
和歌山 湯浅
62%
和歌山 湯川
62%
山口 湯田温泉
62%
島根 温泉津
62%
神奈川 百合ヶ丘
62%
福井 湯尾
59%
大阪 夢洲
59%
東京 雪が谷大塚
55%
秋田 湯沢
55%
北海道 湯の川
55%
静岡 柚木
55%
静岡 柚木
55%
北海道 由仁
52%
北海道 湯の川温泉
52%
熊本 湯前
52%
三重 湯の山温泉
52%
福島 湯本
52%
広島 由宇
48%
東京 有楽町
48%
徳島 由岐
48%
福岡 行橋
48%
大分 由布院
48%
長野 湯田中
45%
広島 湯野
45%
群馬 湯檜曽
45%
奈良 結崎
41%
広島 油木
41%
鳥取 弓ケ浜
41%
兵庫 夢前川
41%
愛知 湯谷温泉
41%
岡山 弓削
38%
栃木 湯西川温泉
38%
東京 祐天寺
34%
北海道 百合が原
34%
長崎 湯江
31%
岩手 油島
31%
福岡 柚須
31%
秋田 湯瀬温泉
31%
福島 湯野上温泉
31%
栃木 ゆいの杜中央
28%
北海道 勇払
28%
岩手 ゆだ錦秋湖
28%
岩手 ゆだ高原
28%
大阪 ユニバーサルシティ
28%
千葉 ユーカリが丘
24%
北海道 勇知
24%
岡山 郵便局前
24%
福岡 油須原
24%
熊本 湯浦
24%
大分 湯平
24%
岐阜 湯の洞温泉口
24%
神奈川 ゆめが丘
24%
栃木 ゆいの杜西
21%
栃木 ゆいの杜東
21%
島根 湯里
21%
山口 湯ノ峠
21%
茨城 ゆめみ野
21%
京都 夕日ヶ浦木津温泉
17%
宮城 有備館
17%
山口 行波
17%
広島 湯田村
17%
鹿児島 湯之元
17%
山口 湯玉
10%
No matching quizzes found
Score Distribution
Percent of People with Each Score
Percentile by Number Answered
Your Score History
You have not taken this quiz